مكتبة جامعة عجلون الوطنية

فهرس بحث المكتبة

اثر تطبيق الخدمات المصرفية الالكترونية على الدخل التشغيلي في البنوك الاسلامية الاردنية = The impact of applying electronic banking services on the operating income in jordanian islamic banks / (Record no. 30499)

MARC details
000 -LEADER
fixed length control field 01199nam a2200241Ii 4500
003 - CONTROL NUMBER IDENTIFIER
control field JO-AjNU
005 - DATE AND TIME OF LATEST TRANSACTION
control field 20240625113515.0
008 - FIXED-LENGTH DATA ELEMENTS--GENERAL INFORMATION
fixed length control field 230605s9999||||xx |||||||||||||| ||und||
040 ## - CATALOGING SOURCE
Original cataloging agency JO-AjNU
Language of cataloging ara
Description conventions rda
Transcribing agency JO-AjNU
041 ## - LANGUAGE CODE
Language code of text/sound track or separate title ara
050 14 - LIBRARY OF CONGRESS CALL NUMBER
Classification number HG1710.2020
100 #1 - MAIN ENTRY--PERSONAL NAME
Personal name الشويات، علاء محمد مصطفى
9 (RLIN) 65620
245 10 - TITLE STATEMENT
Title اثر تطبيق الخدمات المصرفية الالكترونية على الدخل التشغيلي في البنوك الاسلامية الاردنية = The impact of applying electronic banking services on the operating income in jordanian islamic banks /
260 ## - PUBLICATION, DISTRIBUTION, ETC.
Date of publication, distribution, etc. 2020
300 ## - PHYSICAL DESCRIPTION
Extent 76 ورقة
336 ## - CONTENT TYPE
Content type term text
Content type code txt
Source rdacontent
337 ## - MEDIA TYPE
Media type term unmediated
Media type code n
Source rdamedia
338 ## - CARRIER TYPE
Carrier type term volume
Carrier type code nc
Source rdacarrier
500 ## - GENERAL NOTE
General note رساله جامعيه (ماجستير تخصص المحاسبة ) - جامعة عجلون الوطنيه (عجلون ، الاردن) ، كلية ادارة الاعمال ،2020
650 7# - SUBJECT ADDED ENTRY--TOPICAL TERM
Topical term or geographic name entry element البنوك -معالجة البيانات الالكترونية - البتوك الاسلامية -الاردن
9 (RLIN) 59806
700 #1 - ADDED ENTRY--PERSONAL NAME
Personal name كراجة، احمد ابراهيم.
Relator term مشرف
9 (RLIN) 65236
942 ## - ADDED ENTRY ELEMENTS (KOHA)
Source of classification or shelving scheme Library of Congress Classification
Koha item type Thesis
Holdings
Withdrawn status Lost status Source of classification or shelving scheme Damaged status Not for loan Home library Current library Shelving location Date acquired Total Checkouts Full call number Barcode Date last seen Price effective from Koha item type
    Library of Congress Classification     مكتبة جامعة عجلون الوطنية مكتبة جامعة عجلون الوطنية المراجع 25/06/2024   HG1710.2020 A26931 06/06/2023 25/06/2024 Thesis
    Library of Congress Classification     مكتبة جامعة عجلون الوطنية مكتبة جامعة عجلون الوطنية المراجع 25/06/2024   HG1710.2020 a26932 25/06/2024 25/06/2024 Thesis